| 000 | 00693nam a2200241Ia 4500 | ||
|---|---|---|---|
| 003 | OSt | ||
| 005 | 20230518161538.0 | ||
| 008 | 210423s2012 xx 000 0 und d | ||
| 020 | _a978-0-07-463078-5 | ||
| 040 | _cAL | ||
| 041 | _aeng | ||
| 082 |
_a515.352 DEOT _223 |
||
| 100 |
_aDEO (S G);LAKSHMIKANTHAM (V);RAGHAVENDRA (V). _9108975 |
||
| 245 | _aTextbook of ordinary differential equations Ed 2 | ||
| 250 | _a2 | ||
| 260 |
_aNew Delhi _bTata McGraw-hill _c2012 |
||
| 300 |
_axiii,303 _bPB |
||
| 365 |
_b370 _cINR |
||
| 650 |
_aDifferential Equations _9108976 |
||
| 650 |
_aMathematics _9108977 |
||
| 906 | _adifferential ; Ed ; equations ; ordinary ; Textbook | ||
| 942 |
_2ddc _cBK |
||
| 999 |
_c165174 _d165174 |
||